¿Qué pretendemos en la educación?.

Bibliographic Details
Main Author: Delval, Juan
Format: Libro
Language:English
Published: Sevilla Díada 2001
Subjects:

MARC

LEADER 00000cam a2200000 a 4500
001 034845
003 UAHC_CL
005 20170803123807.0
008 020111b xx j 000 1 eng
040 |a UAHC_CL  |c UAHC_CL  |d UAHC_CL 
100 1 |a Delval, Juan 
245 1 0 |a ¿Qué pretendemos en la educación?. 
260 |a Sevilla  |b Díada  |c 2001 
650 4 |a EDUCACION  |x EVALUACION 
900 |a INVESTIGACION EN LA ESCUELA-43 
942 |c BK 
999 |c 34845  |d 34845